Bài giảng ngữ nghĩa học

Salvato in:
Dettagli Bibliografici
Autore principale: Nguyễn, Thị Việt Anh
Natura: Libro
Lingua:Undetermined
Pubblicazione: Cần Thơ Trường ĐH Cần Thơ . Khoa Sư Phạm 2002
Soggetti:
Tags: Aggiungi Tag
Nessun Tag, puoi essere il primo ad aggiungerne! !
Thư viện lưu trữ: Trung tâm Học liệu Trường Đại học Cần Thơ
LEADER 00546nam a2200181Ia 4500
001 CTU_51452
008 210402s9999 xx 000 0 und d
082 |a 412 
082 |b A107 
100 |a Nguyễn, Thị Việt Anh 
245 0 |a Bài giảng ngữ nghĩa học 
245 0 |c Nguyễn Thị Việt Anh 
260 |a Cần Thơ 
260 |b Trường ĐH Cần Thơ . Khoa Sư Phạm 
260 |c 2002 
650 |a English language 
650 |x Semantics 
980 |a Trung tâm Học liệu Trường Đại học Cần Thơ